Quiz sur l'Empire portugais - Statistiques

Statistiques générales
  • Ce quiz a été pris 4 643 fois
  • Le résultat moyen est 12 sur 20
Statistiques - réponses
Question Réponse % Correct
Quel pays moderne compte le plus d’habitants dont le portugais est la première langue ? Brésil
95%
Quels pays modernes d'Afrique continentale ont été colonisés par les Portugais ? Angola
85%
Quelle nation insulaire africaine était inhabitée jusqu'à sa découverte par les Portugais en 1456 ? Cap-Vert
85%
Quel explorateur portugais fut le premier Européen à atteindre l’Inde par voie maritime ? Vasco de Gama
78%
Quels pays modernes d'Afrique continentale ont été colonisés par les Portugais ? Mozambique
74%
Quel explorateur portugais a dirigé une expédition espagnole au début des années 1500 dans le but de mettre en évidence la rotondité de la Terre ? Fernand de Magellan
72%
Quel territoire chinois le Portugal contrôlait-il jusqu'en 1999 ? Macao
72%
Quels sont les deux archipels de l'Atlantique qui sont aujourd'hui des régions autonomes du Portugal ? Açores
70%
Quel pays parlant portugais est devenu indépendant de l'Indonésie en 2002 ? Timor oriental
69%
Quelles sont les deux archipels de l'Atlantique qui sont aujourd'hui des régions autonomes du Portugal ? Madère
68%
Quelle île tient son nom de Saint-Thomas ? São Tomé
64%
Quel terme permet de désigner les personnes parlant portugais à travers le monde ? {Luso}phone
58%
Quels pays modernes d'Afrique continentale ont été colonisés par les Portugais ? Guinée-Bissau
56%
Quelle est la ville la plus peuplée qui faisait autrefois partie de l'Empire portugais ? São Paulo
53%
Région faisant aujourd'hui partie de la Malaisie et donnant son nom à un détroit conquise par les Portugais Malacca
45%
Bataille, du même nom que le territoire aujourd'hui exclave espagnole qui fut son théâtre, opposant le sultanat de Marrakech au royaume de Portugal en 1415 qui marque le début de l'expansion portugaise Bataille de {Ceuta}
39%
Nom du traité entre l'Espagne et le Portugal visant à diviser le monde entre une zone réservée à l'Espagne et une zone réservée au Portugal, dans le contexte des grandes découvertes Traité de {Tordesillas}
37%
Quel État indien était autrefois une colonie portugaise mais a été envahi et reconquispar l'Inde en 1961 ? Goa
32%
À quel prince attribue-t-on le lancement de l’ère des découvertes au début des années 1400 ? {Henri} le Navigateur
29%
Quel explorateur portugais a découvert officiellement le Brésil ? Pedro Álvares Cabral
14%
Aucun quiz correspondant
Distribution des résultats
% des personnes avec chaque résultat
Percentile par nombre de réponses
Votre historique - résultats
Vous n’avez pas pris ce quiz